• 首页
  • 本馆介绍
  • 公告通知
  • 最新文献
  • 馆藏检索
  • 电子资源
  • 读者导购
  • 参考咨询
  • 我的图书馆
  • 登录
  • 详细信息显示
  • 放入我的书架
  • 预约/预借图书
  • 作者相关作品
  • 分类相关作品
  • 丛书相关作品
  • 出版社相关作品

书目信息

  • 表格格式
  • 工作单格式
  • 卡片格式
题名:
自然资源和可持续发展
    
 
作者: 瓦齐 主编 ;殷杉 译
分册:  
出版信息: 上海   上海交通大学出版社  2017
页数: 734页
开本: 25cm
丛书名:
单 册:
中图分类: X37 , FO621
科图分类:
主题词: 自然资源--可持续性发展--研究 , 经济
电子资源:
ISBN: 978-7-313-14186-6
000 01201nam0 2200289 450
001 1329
005 20180928083532.95
010    @a978-7-313-14186-6@b精装@dCNY588.00
100    @a20180217d2017 em y0chiy50 ea
101 1  @achi@ceng@eeng
102    @aCN@b310000
105    @aa z 001yy
200 1  @a自然资源和可持续发展@9zi ran zi yuan he ke chi xu fa zhan@dNatural resources and sustainability@f(美)丹尼·E. 瓦齐等主编@g殷杉等译@zeng
210    @a上海@c上海交通大学出版社@d2017
215    @a734页@c图,照片@d25cm
300    @a国际可持续发展百科全书 第4卷 “十二五”国家重点图书规划项目
304    @a译者还有:王志民、高岩、吴亚妮、袁运生等
330    @a本书以条目的形式,综述了世界重要自然资源储藏量、空间分布格局和利用现状,叙述了全球可持续发展理论和自然资源利用历史,讨论了国际和多个国家污染防控技术和政策,介绍了当地社区参与资源利益分享和保护的方式和重要意义。
510 1  @aNatural resources and sustainability@zeng
606 0  @a自然资源@x可持续性发展@x研究
606 0  @a经济
690    @aX37@v5
690    @aFO621@v4
701  0 @c(美)@a瓦齐@9wa qi@c(Vasey, Daniel E.)@4主编
702  0 @a殷杉@9yin shan@4译
801  0 @aCN@b91MARC@c20180217
905    @aMuseLib@dFO621@e944
    
    自然资源和可持续发展=Natural resources and sustainability/(美)丹尼·E. 瓦齐等主编/殷杉等译.-上海:上海交通大学出版社,2017
    734页:图,照片;25cm
    国际可持续发展百科全书 第4卷 “十二五”国家重点图书规划项目
    
    ISBN 978-7-313-14186-6(精装):CNY588.00
    本书以条目的形式,综述了世界重要自然资源储藏量、空间分布格局和利用现状,叙述了全球可持续发展理论和自然资源利用历史,讨论了国际和多个国家污染防控技术和政策,介绍了当地社区参与资源利益分享和保护的方式和重要意义。
●
相关链接 在E读中查询图书 在五车中查询图书 在当当中查询图书 在豆瓣中查询图书


正题名:自然资源和可持续发展     索取号:FO621/944         预约/预借

序号 登录号 条形码 馆藏地/架位号 状态 备注
1 1122133   211221337   第一样本阅览室/ [索取号:FO621/944] 在馆    
2 1122134   211221346   密集书库-生命科学系/ [索取号:FO621/944] 在馆    
唐山师范学院图书馆 欢迎您!
大连网信软件有限公司© 版权所有